Проектирование конвертора с параллельным ключевым элементом; Электромеханические преобразователи энергии

Podrobná bibliografie
Parent link:Электромеханические преобразователи энергии.— 2009.— С. 536
Hlavní autor: Шапарин А. А.
Další autoři: Петрович И. П. (научный руководитель)
Jazyk:ruština
Vydáno: 2009
Témata:
Médium: Kapitola
KOHA link:https://koha.lib.tpu.ru/cgi-bin/koha/opac-detail.pl?biblionumber=197048

MARC

LEADER 00000naa2a2200000 4500
001 197048
005 20231031183326.0
035 |a (RuTPU)RU\TPU\book\214946 
090 |a 197048 
100 |a 20110603d2009 k y0rusy50 ca 
101 0 |a rus 
102 |a RU 
200 1 |a Проектирование конвертора с параллельным ключевым элементом  |f А. А. Шапарин  |g науч. рук. И. П. Петрович 
463 0 |0 (RuTPU)RU\TPU\book\208678  |t Электромеханические преобразователи энергии  |o материалы IV Международной научно-технической конференции, 13-16 октября 2009 г., Томск  |f Российский фонд фундаментальных исследований (РФФИ) ; Томская область, Администрация ; Томский политехнический университет   |v С. 536  |d 2009  |p 556 с. 
610 1 |a конвертеры 
610 1 |a проектирование 
610 1 |a труды учёных ТПУ 
700 1 |a Шапарин  |b А. А. 
702 1 |a Петрович  |b И. П.  |4 727 
801 1 |a RU  |b 63413507  |c 20110603 
801 2 |a RU  |b 63413507  |c 20110831  |g RCR 
942 |c BK